|
|
|
|
| LEADER |
01129nam a2200289 4500 |
| 001 |
DLU120145096 |
| 005 |
##20121225 |
| 040 |
# |
# |
|a DLU
|b vie
|
| 041 |
# |
# |
|a vie
|
| 044 |
# |
# |
|a vn
|
| 100 |
# |
# |
|a Mai Trong Nhuan.
|
| 245 |
# |
# |
|a Relationship between geochemical characteristucs of the late pleistocene - Holocene sedoments and groundwater quality in the southern area of Hanoi =
|b Mối quan hệ giữa đặc điểm địa hóa trầm tích pleistocen muộn - Holocen và chất lượng nước ngầm khu vực phía Nam Hà Nội /
|c Mai Trong Nhuan, Hoang The Anh, Hoang Duc Nghia.
|
| 653 |
# |
# |
|a Địa chất
|
| 653 |
# |
# |
|a Ô nhiễm nguồn nước
|
| 653 |
# |
# |
|a Nước ngầm
|
| 700 |
# |
# |
|a Hoang Duc Nghia.
|
| 700 |
# |
# |
|a Hoang The Anh.
|
| 773 |
# |
# |
|t Tạp chí Khoa học Tự nhiên và Công nghệ
|g Số 1(22), 2006, tr. 1-17
|
| 920 |
# |
# |
|a Phòng Tạp chí -- Trung tâm Thông tin - Thư viện Trường Đại học Đà Lạt
|
| 994 |
# |
# |
|a DLU
|
| 900 |
# |
# |
|a True
|
| 911 |
# |
# |
|a Nguyễn Thị Linh Chi
|
| 925 |
# |
# |
|a G
|
| 926 |
# |
# |
|a A
|
| 927 |
# |
# |
|a BB
|
| 980 |
# |
# |
|a Thư viện Trường Đại học Đà Lạt
|